MARC

LEADER 00000nam0a2200000 4500
001 121730
005 20231031125513.0
035 |a (RuTPU)RU\TPU\book\131828 
090 |a 121730 
100 |a 20070920d1982 m y0rusy50 ca 
101 0 |a rus 
102 |a RU 
105 |a a j 001zy 
200 1 |a Ядерный магнитный резонанс  |e учебное пособие для вузов  |f Ленинградский государственный университет им. А. А. Жданова (ЛГУ) ; под ред. П. М. Бородина 
210 |a Ленинград  |c Изд-во Ленинградского ун-та  |d 1982 
215 |a 344 с.  |c ил. 
320 |a Библиогр.: с. 342. 
610 1 |a ядерная физика 
610 1 |a ядерно-магнитный резонанс 
610 1 |a методы 
610 1 |a применение 
610 1 |a ЯМР 
610 1 |a спектры 
610 1 |a твердые тела 
610 1 |a жидкости 
610 1 |a электронно-ядерные взаимодействия 
610 1 |a учебные пособия 
675 |a 539.143(075.8)  |v 3 
702 1 |a Бородин  |b П. М.  |4 340 
712 0 2 |a Ленинградский государственный университет им. А. А. Жданова (ЛГУ)  |c (1917-1999)  |2 stltpush  |3 (RuTPU)RU\TPU\col\77 
801 1 |a RU  |b 63413507  |c 20070920  |g PSBO 
801 2 |a RU  |b 63413507  |c 20150709  |g PSBO 
942 |c BK